00419 2200157 4500001002100000005001500021035002000036245007100056100002000127300001200147260004600159082000800205084001400213020002200227990001200249INLIS00000000000253320250604120838 a0010-06250001191 aSuper Modul KSN Fisika 4 :bBank Soal Fisika /cM. Fauji Fajarudin0 aFauji Fajarudin a180 hlm aJakarta :bPT. Jakarta Sains Media,c2022 a530 a530 FAU s a978-623-6111-16-1 a0754855